Joueurs de football par images - C - Statistiques

Statistiques générales
  • Ce quiz a été pris 2 281 fois
  • Le résultat moyen est 14 sur 20
Statistiques - réponses
Par images Réponse % Correct
Edinson Cavani
99%
Kingsley Coman
97%
Thibaut Courtois
97%
Casemiro
94%
Iker Casillas
92%
Johan Cruyff
92%
Éric Cantona
91%
Petr Čech
88%
Cafu
82%
Fabio Cannavaro
80%
Djibril Cissé
77%
Juan Cuadrado
74%
Andreas Christensen
71%
Ashley Cole
56%
Bobby Charlton
54%
Hernán Crespo
50%
Tim Cahill
38%
Marouane Chamakh
37%
Esteban Cambiasso
27%
Fernando Couto
6%
Aucun quiz correspondant
Distribution des résultats
% des personnes avec chaque résultat
Percentile par nombre de réponses
Votre historique - résultats
Vous n’avez pas pris ce quiz